000 00458nam a2200181Ia 4500
001 7459
005 20260306160457.0
008 260306t2014||||xx |||||||||||||| ||spa||
041 _aESP
082 _a339
_bC78
100 _aCornejo Garza, José Efrén
_eAUT
245 0 _aManual de macroeconomía básica:
_bejercicios y prácticas
260 _c2014
300 _a159 páginas :
_c27 cm.
650 _aGEN
654 _aCAN
942 _cLIB
_dJUS
_fJUS
_2ddc
_n
999 _c7459
_d7459